Top 10 des pays les plus grands d'Océanie - Statistiques

Statistiques générales
  • Ce quiz a été pris 100 fois
  • Le résultat moyen est 8 sur 10
Statistiques - réponses
Rang Langues % Correct
1- Australie
100%
3- Nouvelle-Zélande
97%
5- Fidji
87%
2- Papouasie Nouvelle-Guinée
87%
10- Micronésie
79%
7- Samoa
79%
8- Tonga
79%
6- Vanuatu
77%
4- Salomon
76%
9- Kiribati
74%
Aucun quiz correspondant
Distribution des résultats
% des personnes avec chaque résultat
Percentile par nombre de réponses
Votre historique - résultats
Vous n’avez pas pris ce quiz